00322nam a2200121Ia 4500008004100000041000800041082001400049100002200063245004500085260003200130300002900162365000900191240624s9999 xx 000 0 und d aeng a339.5 BLA aBLANCHARD OLIVIER aIN THE WAKE OF THE CRISIS LEADING ECONOM c2012aLondonbThe MIT Press ax, : 239 : p. : cm. ; 23 cb26